Tribhuvan University Central Library

Internship handbook: (Record no. 87908)

MARC details
000 -LEADER
fixed length control field 00555nam a22002057a 4500
008 - FIXED-LENGTH DATA ELEMENTS--GENERAL INFORMATION
fixed length control field 191218b xxu||||| |||| 00| 0 eng d
020 ## - INTERNATIONAL STANDARD BOOK NUMBER
International Standard Book Number 9789937913300
041 ## - LANGUAGE CODE
Language code of text/sound track or separate title Eng.
082 ## - DEWEY DECIMAL CLASSIFICATION NUMBER
Classification number 610/P196i
100 ## - MAIN ENTRY--PERSONAL NAME
Personal name Panthy, Laxmi
245 ## - TITLE STATEMENT
Title Internship handbook:
Remainder of title best guide to clinical practice
260 ## - PUBLICATION, DISTRIBUTION, ETC.
Place of publication, distribution, etc. Kathmandu:
Name of publisher, distributor, etc. National Book Center,
Date of publication, distribution, etc. 2016.
300 ## - PHYSICAL DESCRIPTION
Extent 470p.,illus.
504 ## - BIBLIOGRAPHY, ETC. NOTE
Bibliography, etc. note Includes appendix
650 ## - SUBJECT ADDED ENTRY--TOPICAL TERM
Topical term or geographic name entry element Medical science
9 (RLIN) 9278
650 ## - SUBJECT ADDED ENTRY--TOPICAL TERM
Topical term or geographic name entry element Paramedical
700 ## - ADDED ENTRY--PERSONAL NAME
Personal name Yanxianliang
700 ## - ADDED ENTRY--PERSONAL NAME
Personal name Amgain,Kapil
942 ## - ADDED ENTRY ELEMENTS (KOHA)
Source of classification or shelving scheme Dewey Decimal Classification
Koha item type ISBN
Holdings
Withdrawn status Lost status Source of classification or shelving scheme Damaged status Not for loan Home library Current library Date acquired Total Checkouts Full call number Barcode Date last seen Price effective from Koha item type
    Dewey Decimal Classification     Tribhuvan University Central Library Tribhuvan University Central Library 12/18/2019   610/P196i IS11763 12/18/2019 12/18/2019 ISBN
    Dewey Decimal Classification     Tribhuvan University Central Library Tribhuvan University Central Library 12/23/2019   610/P196i IS11656 12/23/2019 12/23/2019 ISBN